| 000 | 00996cam a2200301 a 4500 | ||
|---|---|---|---|
| 001 | 3295055 | ||
| 003 | ARRUPE | ||
| 005 | 20140121134844.0 | ||
| 008 | 830204s1983 nyuaf b 001 0beng | ||
| 010 | _a 83001946 | ||
| 020 |
_a0525242120 : _c$32.50 |
||
| 040 |
_aDLC _cDLC _dDLC |
||
| 050 | 0 | 0 |
_aB3213.B84 _bF73 1983 |
| 082 | 0 | 0 |
_a296.3/092/4 _aB _219 |
| 100 | 1 |
_aFriedman, Maurice S. _96801 |
|
| 245 | 1 | 0 |
_aMartin Buber's life and work : _bthe later years, 1945-1965 / _cMaurice Friedman. |
| 250 | _a1st ed. | ||
| 260 |
_aNew York : _bDutton, _cc1983. |
||
| 300 |
_axviii, 493 p., [8] p. of plates : _bill. ; _c25 cm. |
||
| 500 | _aIncludes index. | ||
| 504 | _aBibliography: p. 425-476. | ||
| 600 | 1 | 0 |
_aBuber, Martin, _d1878-1965. _96802 |
| 650 | 0 |
_aJewish philosophers _zGermany _xBiography. _96803 |
|
| 650 | 0 |
_aPhilosophers _zGermany _xBiography. _96804 |
|
| 650 | 0 |
_aJews _zGermany _xBiography. _96805 |
|
| 906 |
_a7 _bcbc _corignew _d1 _eocip _f19 _gy-gencatlg |
||
| 942 |
_2lcc _cMONOGRAPH |
||
| 999 |
_c119610 _d119610 |
||